| 000 | 00553nam a2200181 a 4500 | ||
|---|---|---|---|
| 001 | 000035354 | ||
| 005 | 20200930074300.0 | ||
| 008 | 111027s1949 mx 000 0 spa d | ||
| 040 |
_aDO-SdBNP _bspa _cBNPHU |
||
| 082 |
_axxx _bR911a |
||
| 100 | 1 |
_aRussell, Bertrand _945737 |
|
| 245 | 1 | 0 |
_aAutoridad e individuo / _cBertrand Russell; traducción Márgara Villegas. |
| 246 | 1 | _aAuthority and the individual | |
| 260 |
_aMéxico : _bFondo de Cultura Económica, _c1949. |
||
| 300 |
_a127 p. ; _c17 cm. |
||
| 500 | _aQuinta reimpresión. | ||
| 049 | _aBNPD | ||
| 999 |
_c34845 _d34845 |
||